Bollywood princess/ (Record no. 101479)

MARC details
000 -LEADER
fixed length control field 00539nam a22001937a 4500
005 - DATE AND TIME OF LATEST TRANSACTION
control field 20160726122045.0
010 ## - LCCN (DPL NO)
LC control number ENG-115533
020 ## - INTERNATIONAL STANDARD BOOK NUMBER
International Standard Book Number 9789382303671
Terms of availability 300.00
035 ## - SYSTEM CONTROL NUMBER
System control number EN-99065
037 ## - SOURCE OF ACQUISITION
Source of stock number/acquisition DBAD/PUB
082 ## - DEWEY DECIMAL CLASSIFICATION NUMBER
Classification number N
100 ## - MAIN ENTRY--PERSONAL NAME
Personal name D'sylva,Christine
245 ## - TITLE STATEMENT
Title Bollywood princess/
Remainder of title by Christine D'sylva
260 ## - PUBLICATION, DISTRIBUTION, ETC. (IMPRINT)
Place of publication, distribution, etc Kolkata
Name of publisher, distributor, etc Smiriti Publishers
Date of publication, distribution, etc 2014
270 ## - ADDRESS
Address "Oasis" CF-41 Sector 1 Salt Lake City
City Kolkata
Postal code 700064
300 ## - PHYSICAL DESCRIPTION
Extent 287p.
Dimensions 17cm(pbk)
700 ## - ADDED ENTRY--PERSONAL NAME
Personal name Roy, Partha Pratim
942 ## - ADDED ENTRY ELEMENTS (KOHA)
Source of classification or shelving scheme Dewey Decimal Classification
Item type English Books
Classification part N
Call number suffix DSY
Holdings
Withdrawn status Lost status Not for loan Collection code Home library Current library Date acquired Source of acquisition Cost, normal purchase price Full call number Barcode Copy number Cost, replacement price Koha item type
    Not For Loan Non-fiction D.B.Act.Division Bawana 26/07/2016 DBAD/PUB 300.00 N DSY EN-99065 1 300.00 English Books

© Delhi Public Library
Hit Counter
free hit counter